• 首页
  • 本馆介绍
  • 公告通知
  • 最新文献
  • 馆藏检索
  • 电子资源
  • 读者导购
  • 参考咨询
  • 我的图书馆
  • 登录
  • 详细信息显示
  • 放入我的书架
  • 预约/预借图书
  • 作者相关作品
  • 分类相关作品
  • 丛书相关作品
  • 出版社相关作品

书目信息

  • 表格格式
  • 工作单格式
  • 卡片格式
题名:
生命的引擎
    
 
作者: 法尔科夫斯基 著 ;肖湘 , 蹇华哗 , 张宇 译
分册:  
出版信息: 上海   上海科技教育出版社  2017
页数: 178页
开本: 23cm
丛书名: 哲人石丛书
单 册:
中图分类: Q939-49 , Q939
科图分类:
主题词: 微生物--wei sheng wu--普及读物
电子资源:
ISBN: 978-7-5428-6635-6
000 01524nam 2200349 450
001 2357193461
005 20231109163216.18
010    @a978-7-5428-6635-6@dCNY49.80
100    @a20180403d2017 em y0chiy50 ea
101 1  @achi@ceng
102    @aCN@b310000
105    @aa z 000yy
200 1  @a生命的引擎@Asheng ming de yin qing@e微生物如何创造宜居的地球@f保罗·G. 法尔科夫斯基著@g肖湘 ... [等] 译
210    @a上海@c上海科技教育出版社@d2017
215    @a178页@c图@d23cm
225 2  @a哲人石丛书@Azhe ren shi cong shu@i当代科普名著系列
300    @a上海出版资金项目
304    @a译者还有:蹇华哗、张宇、徐俊、刘喜朋、王风平
312    @a书名原文取自版权页
330    @a本书带领读者深入到微观世界,去探索这些奇妙的生物如何使地球上生命的存在成为可能,去了解如果没有它们,人类将如何不复存在。作者法尔科夫斯基以富有洞察力和幽默感的文字解释了微生物内部的微型引擎是如何建造的,以及它们如何在每一个行走、游泳或飞行的生物体内像乐高玩具一样被装配和组装。
410  0 @12001 @a哲人石丛书@i当代科普名著系列
500 10 @aLife's engines : how microbes made earth habitable@mChinese
517 1  @a微生物如何创造宜居的地球@Awei sheng wu ru he chuang zao yi ju de di qiu
606 0  @a微生物@Awei sheng wu@j普及读物
690    @aQ939-49@v5
690    @aQ939@v4
701  1 @a法尔科夫斯基@Afa er ke fu si ji@g(Falkowski, Paul G.),@f1951-@4著
702  0 @a肖湘@Axiao xiang@4译
702  0 @a蹇华哗@Ajian hua hua@4译
702  0 @a张宇@Azhang yu@4译
801  0 @aCN@b山东中教@c20230926
905    @aBZT@dQ939@e78
    
    生命的引擎:微生物如何创造宜居的地球/保罗·G. 法尔科夫斯基著/肖湘 ... [等] 译.-上海:上海科技教育出版社,2017
    178页:图;23cm.-(哲人石丛书.当代科普名著系列)
    上海出版资金项目
    
    ISBN 978-7-5428-6635-6:CNY49.80
    本书带领读者深入到微观世界,去探索这些奇妙的生物如何使地球上生命的存在成为可能,去了解如果没有它们,人类将如何不复存在。作者法尔科夫斯基以富有洞察力和幽默感的文字解释了微生物内部的微型引擎是如何建造的,以及它们如何在每一个行走、游泳或飞行的生物体内像乐高玩具一样被装配和组装。
●
相关链接 在五车中查询图书 在当当中查询图书 在豆瓣中查询图书


正题名:生命的引擎     索取号:Q939/78         预约/预借

序号 登录号 条形码 馆藏地/架位号 状态 备注
1 2000964347   2000964347   214主题书屋/四29架A面5层1列/ [索取号:Q939/78] 在馆    
2 2000964348   2000964348   214主题书屋/四29架A面5层1列/ [索取号:Q939/78] 在馆    
3 2000964349   2000964349   214主题书屋/四29架A面5层1列/ [索取号:Q939/78] 在馆    
4 2000964350   2000964350   214主题书屋/四29架A面5层1列/ [索取号:Q939/78] 在馆    
5 2000964351   2000964351   214主题书屋/四29架A面5层1列/ [索取号:Q939/78] 在馆    
6 2000964352   2000964352   214主题书屋/四29架A面5层1列/ [索取号:Q939/78] 在馆    
山东省滨州职业学院图书馆 欢迎您!
大连网信软件有限公司© 版权所有